000 00736nam a2200217 i 4500
001 101074
003 ES-MaACL
005 20240516063037.0
007 t|
008 051011q19001909fr ||||1| fre d
100 1 _aMaupassant, Guy de,
_d1850-1893
_979214
245 1 0 _aBoule de suif /
_cGuy de Maupassant; illustrations de Jeanniot; gravure sur bois par G. Lemoine.
260 _aParis :
_bSociéte d'Editions Littèraires et Artistiques,
_c[190-?]
300 _a336 p., 6 h. ;
_c18 cm.
490 1 _aOeuvres complètes illustrées
700 1 _aJeanniot.
_966254
700 1 _aLemoine, G.
_971483
830 0 _aOeuvres complètes illustrées
_9184588
852 _aES-MaACL
_jG-14653
999 _c101074
_d101074